<?xml version="1.0" encoding="UTF-8"?>
<record
    xmlns:xsi="http://www.w3.org/2001/XMLSchema-instance"
    xsi:schemaLocation="http://www.loc.gov/MARC21/slim http://www.loc.gov/standards/marcxml/schema/MARC21slim.xsd"
    xmlns="http://www.loc.gov/MARC21/slim">

  <leader>01561nab a2200241 c 4500</leader>
  <controlfield tag="001">768714001</controlfield>
  <controlfield tag="003">CO-MdFUSB</controlfield>
  <controlfield tag="005">20230419093849.0</controlfield>
  <controlfield tag="008">211009b        ck ||||| |||| 00| 0 spa d</controlfield>
  <datafield tag="022" ind1=" " ind2=" ">
    <subfield code="a">1014-9341</subfield>
  </datafield>
  <datafield tag="040" ind1=" " ind2=" ">
    <subfield code="b">spa</subfield>
    <subfield code="c">CO-MdFUSB</subfield>
    <subfield code="d">CO-MdFUSB</subfield>
  </datafield>
  <datafield tag="041" ind1=" " ind2=" ">
    <subfield code="a">spa</subfield>
  </datafield>
  <datafield tag="100" ind1=" " ind2=" ">
    <subfield code="a">Simons, Robert</subfield>
    <subfield code="e">autor</subfield>
  </datafield>
  <datafield tag="245" ind1=" " ind2="2">
    <subfield code="a">La pregunta de Mar&#xED;a</subfield>
    <subfield code="c">/ Roberto Simons</subfield>
  </datafield>
  <datafield tag="300" ind1=" " ind2=" ">
    <subfield code="a">N&#xFA;mero 36 (Enero - Junio, 2005), p&#xE1;ginas 51-64</subfield>
    <subfield code="c">; 23 cm</subfield>
  </datafield>
  <datafield tag="506" ind1=" " ind2=" ">
    <subfield code="a">Roberto Simons es profesor de la Fundaci&#xF3;n Universitaria Seminario B&#xED;blico de Colombia.</subfield>
  </datafield>
  <datafield tag="520" ind1=" " ind2=" ">
    <subfield code="a">La pregunta de Mar&#xED;a en Lucas 1:34 no implica un voto de virginidad, ni carece de sentido, ni fue inventada por Lucas para mejorar la l&#xF3;gica del relato. M&#xE1;s bien, Lucas preserv&#xF3; la pregunta para mantener el paralelismo entre los anuncios de los nacimientos de Juan y de Jes&#xFA;s, el cual viene sugiriendo en sus varios detalles que Jes&#xFA;s es mayor que Juan. La pregunta tambi&#xE9;n introduce un contraste entre la duda de Zacar&#xED;as y la fe de Mar&#xED;a, primer ejemplo en Lucas del tema de la inversi&#xF3;n de expectativas. Lucas hace uso frecuente de este tema como una ayuda para persuadir a los lectores de que Jes&#xFA;s es el Mes&#xED;as y Salvador.
</subfield>
  </datafield>
  <datafield tag="600" ind1=" " ind2=" ">
    <subfield code="y">Mar&#xED;a, madre de Jes&#xFA;s.</subfield>
  </datafield>
  <datafield tag="630" ind1="0" ind2="7">
    <subfield code="a">Biblia.</subfield>
    <subfield code="v">Lucas</subfield>
    <subfield code="x">Cr&#xED;tica, interpretaci&#xF3;n, etc.</subfield>
  </datafield>
  <datafield tag="773" ind1="0" ind2=" ">
    <subfield code="0">49489</subfield>
    <subfield code="9">61224</subfield>
    <subfield code="o">R2147</subfield>
    <subfield code="t">Kair&#xF3;s</subfield>
    <subfield code="w">(CO-MdFUSB)24</subfield>
    <subfield code="x">1014-9341</subfield>
    <subfield code="g">N&#xFA;mero 36 (Enero - Junio, 2005),  p&#xE1;ginas 51-64</subfield>
    <subfield code="q">p&#xE1;gina 51</subfield>
  </datafield>
  <datafield tag="773" ind1="0" ind2=" ">
    <subfield code="0">49489</subfield>
    <subfield code="9">81321</subfield>
    <subfield code="t">Kair&#xF3;s</subfield>
    <subfield code="g">N&#xFA;mero 36 (Enero - Junio, 2005),  p&#xE1;ginas 51-64</subfield>
    <subfield code="q">p&#xE1;gina 51</subfield>
  </datafield>
  <datafield tag="942" ind1=" " ind2=" ">
    <subfield code="c">ANA</subfield>
  </datafield>
  <datafield tag="999" ind1=" " ind2=" ">
    <subfield code="c">66942</subfield>
    <subfield code="d">66942</subfield>
  </datafield>
</record>
